00477cam a2200169ua 45000010005000000080039000050200018000440400009000620820011000711000030000822450071001122500009001832600046001923000017002386530013002556530039002683754120306n ii |||gr||||Z||||||asm a81-7643-016-1 cMAIN a801.93 aGoswami, Trailokya Nath ,11aNandantatta :bprachya aru pachatya / cby Trailokya Nath Goswami  a3rd. aGuwahati:bBani Prakash Pvt. Ltd.,c2006. a423p:c23cm. aAssamese aNandantatta : prachya aru pachatya